| 000 | 00952nam a22003017a 4500 | ||
|---|---|---|---|
| 003 | CHAP | ||
| 005 | 20220329134040.0 | ||
| 008 | 971013s1965 il a r 00010 eng d | ||
| 010 | _a14638 | ||
| 011 | _a15610 | ||
| 035 | _a19686 | ||
| 040 | _cCHAP | ||
| 082 | 0 | 0 |
_a632.3 _bG6 |
| 100 | 0 | 0 |
_aGorlenko, M. V. _950046 |
| 245 | 1 | _aBacterial diseases of plants; study of bacterioses | |
| 250 | _a2 ed. | ||
| 260 |
_aJerusalem, Israel : _bProgram for Scientific Translations, _c1965 |
||
| 300 |
_a174 p. _b: ilus |
||
| 590 |
_aBATCH-UPD _b10 _c20130110 _lUCH01 _h0930 |
||
| 590 |
_aBATCH-UPD _b10 _c20130410 _lUCH01 _h0549 |
||
| 590 |
_aBATCH-UPD _b10 _c20130914 _lUCH01 _h0518 |
||
| 590 |
_aCONVERSION _b10 _c20130109 _lUCH01 _h1309 |
||
| 650 | 1 | 4 |
_aBacterias fitopatógenas. _99326 |
| 650 | 1 | 4 |
_aPlantas _xEnfermedades por bacterias. _988829 |
| 901 | _aBK | ||
| 942 | _cLIBRO | ||
| 949 |
_a632.3 G6 _bBC _cLIBRO _d33724000178349 _eLIBRO _h27532 _i19686 _si _t100.00 |
||
| 999 |
_c14638 _d14638 |
||